[Event "Tashkent FIDE GP"]
[Site "Toshkent UZB"]
[Date "2014.10.22"]
[Round "2"]
[White "Vachier Lagrave, Maxime"]
[Black "Kasimdzhanov, Rustam"]
[Result "1-0"]
[WhiteElo "2757"]
[BlackElo "2706"]
[EventDate "2014.10.20"]
[Annotator "Bojkov,Dejan"]
[PlyCount "71"]
[Beauty "7972935702536"]
[EventCountry "UZB"]

{[Annotations by GM Dejan Bojkov]} 
1.e4 e5 2.Nf3 Nc6 3.Bb5 Nf6 {An invitation to a Berlin Defense.} 4.d3 {Rejected. Black is doing too well here these days.} 4...Bc5 5.Nbd2 {A rather fresh line. According to my Megabase there are only 31 games played so far, but the quality of the players who tried it as White is very high: Carlsen, Aronian, Giri, Adams...} 5...d6 6.O-O ( {One of the ideas of the early knight sortie is to maneuver in Steinitz style with} 6.Nf1 {However in that case the simple} 6...Ng4 {diverts the white knight from the g3 square and Black is very solid.} 7.Ne3 O-O 8.O-O Nxe3 9.Bxe3 Bxe3 10.fxe3 Be6 {Inarkiev,E (2669)-Ponomariov,R (2733) Astrakhan 2010} ) 6...Bd7 {The most natural move turns out to be a novelty. Kasimdzhanov does not want to allow the doubling of the pawns on c6 and completes the development. This move cannot be bad.} 7.c3 O-O 8.Nc4 $5 {A typical idea for the Italian game. These two are cousins though. In the Italian positions the white light-squared bishop is placed on b3.} 8...h6 {Useful prophylaxys.} ( {The position of the bishop on b5 gives an additional idea to White:} 8...a6 9.Bxc6 Bxc6 10.Na5 {This will regain the bishop pair and double the black pawns, as} 10...Qd7 11.Bg5 {looks awkward for Black.} ) 9.b4 Bb6 10.a4 {White wins the bishop pair but the second player is not quite afraid of this. At least for the moment.} 10...a5 $5 {This is a central attack against the d4 square!} ( {The other way to play the position is} 10...a6 11.Nxb6 cxb6 12.Bc4 Ne7 ) 11.Nxb6 cxb6 12.bxa5 $1 {It seems quite counter-intuitive for Vachier- Lagrave to undouble the black pawns and to spoil his own structure.} ( {However, the natural} 12.Bd2 {will be answered by} 12...axb4 13.cxb4 Bg4 $1 {with the idea Nc6-d4} 14.Bc3 d5 $1 {with active play in the center.} ( 14...Rc8 $5 ) 15.Bxc6 bxc6 16.Bxe5 dxe4 17.Bxf6 Qxf6 18.dxe4 Rfd8 19.Qb3 ( 19.Qe2 $6 Rd4 $1 ) 19...c5 ) 12...Nxa5 ( {Or else Black is not going to conduct the freeing central advance.} 12...bxa5 13.Bc4 ) 13.h3 d5 $1 {Sooner or later Rustam has to play this. It seems as the moment was right.} ( {He could have also tried it after} 13...Re8 14.Re1 ( {but in this line White can stop d5 for good with} 14.c4 {next he can play for the f2-f4 advance.} ) 14...Bc6 15.Qc2 d5 16.exd5 Qxd5 ) 14.exd5 Bxb5 $6 {Only this move is inaccuracy. Black could have equalized with} ( 14...Nxd5 {True, in some of the lines the pawn on e5 is taken with a tempo, but it seems as Black is doing OK everywhere} 15.Bxd7 ( 15.Bd2 f6 ) 15...Qxd7 16.c4 ( 16.Nxe5 Qf5 17.d4 Nxc3 ) 16...Nf6 17.Qe2 ( {Not} 17.Nxe5 $2 Qd4 ) ( {Nor} 17.Bb2 e4 18.Bxf6 $6 exf3 ) 17...e4 18.dxe4 Qe6 {with full compensation for the sacrificed pawn.} ) 15.axb5 Qxd5 16.c4 Qe6 {This forces matters.} ( 16...Qd6 $2 {loses the exchange:} 17.Ba3 ) ( {But probably} 16...Qd8 {intending to meet} 17.Bb2 {with} 17...e4 {made sense. From d8 the queen can be also moved to c7 to defend the e5 pawn.} ) 17.Bb2 e4 18.Re1 Rad8 ( {Nothing changes} 18...Rfd8 19.Bxf6 Qxf6 20.Rxe4 Rxd3 21.Qxd3 Qxa1+ 22.Kh2 Qf6 23.Rd4 {- see the line below.} ) 19.Bxf6 Qxf6 20.Rxe4 {It is quite obvious that Kasimdzhanov calculated the whole line with the intention to regain the pawn now with Rd8xd3. Then when the position appeared on the board, he backed up.} 20...Nb3 $2 {Now Black will be a clear pawn down.} ( {The other evil seems more bearable:} 20...Rxd3 21.Qxd3 Qxa1+ 22.Kh2 Qf6 {The knight on a5 is excluded from the game and temporarily White has an extra piece on the kingside. He can then start improving slowly his position there.} 23.Rd4 ( {Or also} 23.g3 $5 {(this might be actually better)} 23...Rd8 24.Qe3 {next White can prepare kingside attack with Kh2-g2, Re4-f4 and Nf3-e5. The pawns can get rolling too.} ) 23...Re8 24.g3 {Next, like the line from above, White prepares the kingside attack with his extra knight. But is this lethal for Black? It's hard to say, I would bet a 50-50 chance for survival and loss. Especially if Black can trade the queens with} 24...Qg6 $1 25.Qxg6 fxg6 {Now the knight gets the b3 square and every chance to escape.} 26.Kg2 Kf7 ( {Not yet} 26...Nb3 27.Rd6 ) 27.Nd2 g5 {and since the knight on d2 has to take care of the one on a5 things should be more or less OK for Black. In any case this would have given more chances for the defender.} ) 21.Ra3 Nc5 22.Re3 Ne6 23.Qa1 Qe7 ( {The blockade is useless:} 23...Qxa1+ 24.Rxa1 Nd4 25.Nxd4 Rxd4 26.Kf1 {and then Kf1-e2 will set free the white rooks.} ) 24.d4 Qf6 25.Re4 $6 ( {Better was} 25.d5 Qxa1+ 26.Rxa1 Nc5 27.Rae1 {as Black does not have any hint of counterplay.} 27...Rd7 28.g4 Rc8 $2 29.Re8+ Rxe8 30.Rxe8+ Kh7 31.Ne5 ) 25...Rd6 26.d5 Qxa1+ 27.Rxa1 Nc5 28.Re3 ( 28.Re7 $5 Rd7 29.Rae1 ) 28...Rc8 29.Nd2 Rd7 30.Kf1 Kf8 {The last curious moment of the game. Rustam managed to build a strong blockade in the center. Therefore Maxime offered a knight swap:} 31.Ne4 Rdc7 {which was rejected.} ( 31...Nxe4 32.Rxe4 f5 33.Rf4 Rf7 {with the idea Kf8-e7-d6-c5 would have put stronger resistance instead.} ) 32.Nd6 Rd8 33.Rae1 g6 34.Re8+ Rxe8 35.Rxe8+ Kg7 36.Ke2 {The center decided the outcome of the game. Vachier-Lagrave was brave enough to spoil his pawn structure and Kasimdzhanov needed a bit more energy to keep the balance. Maxime Vachier-Lagrave rules the tournament after the initial rounds.} 1-0

[Event "Tashkent FIDE GP"]
[Site "Toshkent UZB"]
[Date "2014.10.23"]
[Round "3"]
[White "Kasimdzhanov, Rustam"]
[Black "Jobava, Baadur"]
[Result "0-1"]
[WhiteElo "2706"]
[BlackElo "2717"]
[EventDate "2014.10.20"]
[Annotator "Bojkov,Dejan"]
[PlyCount "66"]
[Beauty "8180570523145"]
[EventCountry "UZB"]

{[Annotations by GM Dejan Bojkov]} 
1.e4 e6 {Baadur Jobava came to Tashkent immediately after the Unive tournament in Netherlands. He replaced the Iranian GM Ghaem Maghami as the Tehran GP withdrew from hosting one of the events at the very last moment. The Iranian capital was replaced by the Georgian one as a host city and this certainly added flavor to the current Grand Prix. Jobava is an extremely original player.} 2.d4 d5 3.Nc3 dxe4 4.Nxe4 Bd7 5.Nf3 Bc6 6.Bd3 Nd7 7.O-O Ngf6 8.Ng3 g6 {A very original idea of the Swedish GM Hillarp Persson. It should not come as a surprise for Kasimdzhanov as his opponent had already used it twice this year.} ( 8...Be7 {is the common choice for the second player. Later he will capture on f3 and build a solid wall with the move c7-c6. That position will be solid, but passive though and it is not to everyone's liking.} ) 9.c4 {White starts an immediate atatck in the center.} ( {Probably the calmer development offers more:} 9.b3 Bg7 10.Ba3 Bxf3 11.Qxf3 c6 12.c4 {with some advantage for White in Solak,D (2632)-Jobava,B (2713) Troms&amp;oslash; 2014} ) ( {The stem game saw} 9.Qe2 Bg7 10.Ne5 Nxe5 11.dxe5 Qd5 12.f4 Ng4 13.h3 Qd4+ 14.Kh1 h5 15.c3 {1/2 (15) Hellers,F (2652)-Hillarp Persson,T (2562) Sweden 2001} ) 9...Bg7 10.d5 {The point. White opens up the center and spoils the castling of the black king.} 10...exd5 11.Re1+ Kf8 12.cxd5 {This move is a novelty. Jobava have previously faced:} ( 12.Nd4 Kg8 13.Qc2 Nf8 14.Nxc6 bxc6 15.Qa4 {White has a pair of bishops and light-square compensation for the pawn in Karjakin,S (2772)-Jobava,B (2706) Loo 2014} ) 12...Bxd5 ( {Better than} 12...Nxd5 13.Bg5 Bf6 14.Bh6+ Bg7 15.Qd2 {and the black pieces are stuck.} ) 13.Qc2 $5 {An interesting decision. Rustam is not afraid to spoil his pawn structure in return for the mighty black bishop.} 13...c6 $1 ( {In case of} 13...Bxf3 14.gxf3 c6 {White can start advancing the pawn on the kingside.} 15.f4 Kg8 16.f5 ) 14.Ng5 {Kasimdzhanov revealed at the press conference that he thought at first that his position is easier to play but somewhere around this point he understood that it might be the other way round. Indeed, Black simply wants to finish the development, hide the king on h7 after h7-h6 and Kf8-g8-h7 and then convert the extra pawn.} 14...Kg8 {Sooner or later Jobava has to play this. It makes no sense to target the knight on g5 which does not attack anything anyway.} ( 14...h6 15.Nh3 {only pushes it to a better position, for example} 15...Kg8 16.Nf4 {and White is ready to sacrifice on g6.} 16...h5 17.Bxg6 $5 fxg6 18.Nxg6 Rh7 {with a pleasant to choice for White to force a draw with} 19.Ne7+ ( {or continue the attack} 19.Nf5 $5 ) 19...Kh8 ( 19...Kf7 $2 {loses to} 20.Qg6+ Kf8 21.Nxd5 cxd5 22.Nf5 {with the dual threat of Nf5xg7 and Re1-e7.} ) 20.Ng6+ ) 15.Bf4 ( 15.Bd2 {was also an idea but Black was afraid of} 15...Ng4 $5 16.h3 Nxf2 $1 17.Kxf2 Bd4+ 18.Kf1 Qf6+ {with a powerful attack.} ) 15...Nf8 16.Rad1 Qa5 {Black wisely finishes the development first. The rook is coming to d8 and this reinforces the center.} ( {Jobava did not like} 16...h6 17.N5e4 Ne6 18.Be5 Nxe4 19.Bxe4 Bxe5 20.Bxd5 cxd5 21.Rxe5 ) 17.a3 $6 {Only here did White commit a mistake. The b3 square is very important in some lines.} ( {Correct was} 17.N3e4 $1 {This knight is the only white piece that can do better and it makes sense to trade it. White also needed some air for his pieces to prove the compensation. After} 17...Nxe4 ( {Jobava also considered the sudden retreat} 17...Ne8 {but then White is just better after taking the bishop} 18.Nc3 $1 h6 19.Nxd5 ) 18.Bxe4 {Which leaves the move} 18...Rd8 {when White can force a draw with} ( 18...Bxe4 $2 {is a mistake which leaves all the open files for White} 19.Qxe4 Qf5 20.Qf3 ( {and even the endgame is better for White} 20.Qxf5 gxf5 21.Re7 ) ) ( 18...h6 $6 {allows White to convert development advantage into something tangible} 19.Bxd5 cxd5 20.Nf3 ) 19.Bc7 $5 Qxc7 20.Bxd5 Bf6 21.Bxf7+ Kg7 22.Ne6+ Nxe6 23.Bxe6 ) ( {Also} 17.b3 Rd8 18.Be5 {was better than the move in the game.} ) 17...Rd8 18.Bd2 ( 18.Re7 Rd7 {is good for Black.} ) ( {But} 18.N3e4 $5 {was still possible} 18...Nxe4 19.Nxe4 ( 19.Bxe4 {is weaker this time as Black has enough central control} 19...h6 ) 19...Ne6 20.Bg3 ) 18...Qb6 $1 ( {Jobava does not allow the bishop a chance to occupy the long diagonal.} 18...Qc7 19.Bc3 h6 20.N5e4 {is good for White.} ) 19.Be3 ( {White loses the exchange after} 19.Bc3 Bb3 {and this is where we see why a2-a3 was inaccurate!} ) 19...Qc7 ( {Rustam mentioned the pretty tactic} 19...Qb3 20.Bxg6 $1 ) 20.h3 ( {Unfortunately for White} 20.Bd4 Ne6 $1 21.Nxe6 Bxe6 22.Bc3 Nd5 {does not bring the desired effect on the long diagonal as the black knight controls the c3 square.} ) 20...h6 21.N5e4 Ne6 22.Nxf6+ Bxf6 23.Be4 Kg7 {Jobava managed to consolidate his position and can now start converting his extra pawn.} 24.Bxa7 $2 {A tactical oversight which eases Black's task. Rustam thought that he forces a draw but missed a very strong intermediate move.} ( {Both} 24.b4 ) ( {or} 24.Rd2 {would have prolonged the game.} ) 24...b6 25.Bxd5 ( {The endgames after} 25.Rxd5 cxd5 26.Qxc7 Nxc7 {are hopeless for White} 27.Bxb6 Rd7 ( {or also} 27...dxe4 28.Bxc7 Rd7 29.Ba5 Bxb2 ) 28.Bxc7 Rxc7 29.Bxd5 Bxb2 ) 25...Nd4 $1 ( {A draw is achieved after} 25...Rxd5 26.Rxd5 cxd5 27.Qxc7 Nxc7 28.Bxb6 ) 26.Qa4 ( 26.Rxd4 Bxd4 27.Bb3 Qxg3 ) 26...Rxd5 27.Qa6 Qd7 $3 {This is what the Uzbek GM missed! The threat Nd4-f3+ forces a win for Black.} ( {Kasimdzhanov calculated the beautiful lines} 27...Ra8 28.Bxb6 Qb8 ( {and the sweet draw after} 28...Qxg3 29.Qxa8 Nf3+ 30.Kf1 Nh2+ ) 29.Bc7 $1 {where White escapes with a draw.} ) 28.Rxd4 {The alternatives lose more material:} ( 28.Bxb6 Nf3+ ) ( 28.Kh1 Ra8 ) 28...Bxd4 29.Bxb6 c5 30.Ba5 Bxb2 31.Qc4 Bd4 32.Bc3 Ra8 33.Re3 Rxa3 ( {White resigned due to the line} 33...Rxa3 34.Bxd4+ Rxd4 35.Qxc5 Rxe3 36.fxe3 Rd1+ 37.Kh2 Qd6 {White started an early attack of the enemy king which stayed in the center a bit longer than usual. This was worth the central pawn but then Kasimdzhanov missed to open more room for his active pieces. Whenever you have development advantage do try to open as many files and diagonals as you can.} ) 0-1

[Event "Tashkent FIDE GP"]
[Site "Toshkent UZB"]
[Date "2014.10.27"]
[Round "6"]
[White "Andreikin, Dmitry"]
[Black "Karjakin, Sergey"]
[Result "1-0"]
[WhiteElo "2722"]
[BlackElo "2767"]
[EventDate "2014.10.20"]
[Annotator "Bojkov,Dejan"]
[PlyCount "67"]
[Beauty "8114136688717"]
[EventCountry "UZB"]

{[Annotations by GM Dejan Bojkov]} 
1.d4 Nf6 2.Nf3 e6 3.Bg5 c5 4.Nc3 {The choice of the opening was quite a shock for me. It is not often that we see this position in a top grandmaster game. I would not be surprised to see it in the game of FM Stuart Fancy of Papua New Guinea whom I coached at the last two Olympiads, or in a game of my former teammate FM Bonno Pel. They both love to start their games with 1.Nb1-c3.} 4...cxd4 {There are plenty of continuations for both the sides that might leave to different openings.} ( {For instance} 4...d5 5.e4 dxe4 6.Nxe4 Nbd7 {will lead to the Rubinstein French and has been tested already.} ) 5.Qxd4 ( {Now White could have chosen a Sicilian approach with} 5.Nxd4 Be7 6.e4 d6 {with a Scheveningen type of postion in Koneru,H (2600)-Hou,Y (2591) Antakya 2010} ) 5...Nc6 6.Qh4 Bb4 ( {Another Sicilian position appeared after} 6...h6 7.e4 Rg8 8.Bxf6 gxf6 9.O-O-O a6 {in Gurgenidze,B (2461)-Kapengut,A (2455) Moscow 1981} ) ( {Most of the people prefer the solid} 6...Be7 {I also have the feeling that this was more in the spirit of the solid Karjakin.} ) 7.e4 ( 7.O-O-O Bxc3 8.bxc3 h6 9.Nd2 Qe7 10.Bxf6 Qxf6 11.Qxf6 gxf6 12.Ne4 f5 13.Nd6+ Ke7 ) 7...Bxc3+ {This is what the bishop came for on b4.} ( {One predecessor saw} 7...d6 8.Bd3 e5 9.O-O Bxc3 10.bxc3 {Ornstein,A (2440)-Schneider,L (2425) Uppsala 1985} ) 8.bxc3 h6 9.Bd3 ( {The endgame is good for Black:} 9.Bxf6 Qxf6 10.Qxf6 gxf6 ) ( 9.Be2 Rf8 10.Be3 Qa5 11.O-O d6 12.Rfd1 d5 {Aakenson,J (2300)-Vaca,E (2187) LADAC email 2006} ) 9...d6 {Black's plan is to build dark-squared blockade.} 10.Rd1 {Andreikin brings the rook into action and prepares various disovered attacks.} 10...Rg8 $1 {A very sensible choice by Karjakin, called "a standard plan" by Andreikin. I suspect that the memories of his last game were too fresh to allow the following play:} ( 10...O-O 11.Bxh6 $5 {Two days ago Sergey lost thanks to the same sacrifice to Jobava (with reversed colors!)} 11...gxh6 12.e5 {with the idea} ( 12.Qxh6 {also interesting is} 12...Ng4 ( 12...e5 13.Ng5 ) 13.Qh5 Nce5 ) 12...dxe5 13.Qxh6 $1 {This is much better than} ( 13.Bh7+ Nxh7 14.Rxd8 Rxd8 15.Qxh6 e4 ) 13...Qe7 14.Ng5 {(the threat is 15.Bh7+ Kh8 16.Be4+ Kg8 17. Rd3! and checkmate)} 14...e4 15.Bxe4 Ne5 16.Bh7+ Kh8 17.f3 {this deprives the black knights of the g4 square and the attack is unstoppable.} ) 11.Be3 e5 {The outcome of the opening is an approximately level game. White has the bishop pair, but Black has developed his pieces in accordance to Capablanca's principle - on the different color of the bishop that he has.} ( {In fact, Karjakin could have equalized completely with the move:} 11...g5 $5 12.Qxh6 ( {The queen has no retreat square} 12.Qg3 $4 g4 13.Nd2 Nh5 ) ( {It is doubtful that the rook and the pawns are better than the light pieces in the line} 12.Nxg5 hxg5 13.Bxg5 Rxg5 14.Qxg5 Bd7 ) 12...Rg6 13.Qh8+ Rg8 ) 12.Bb5 Qc7 {Probably the first inaccuracy in the game. Black could have played more aggressively with} ( 12...Qa5 13.Bxc6+ bxc6 14.O-O ( 14.Rxd6 $2 {is bad to} 14...Qxc3+ 15.Rd2 Ba6 $1 ) 14...Ba6 ( {Not} 14...Qxc3 15.Rxd6 ) 15.Rfe1 Rd8 {Black is solid in the center and Andreikin has to prove that his queen is doing something on the kingside.} ) 13.Nd2 Be6 14.f3 {To bring the queen in the game after Qh4-f2.} 14...Qa5 ( {One more way to equalize is} 14...O-O-O $5 15.O-O ( {The pawn is untouchable} 15.Bxc6 Qxc6 16.Bxa7 $2 b6 ) 15...d5 ) ( {Andreikin liked White after} 14...O-O-O 15.Qf2 d5 ( 15...b6 $5 16.c4 Na5 ) 16.Bxa7 d4 $6 ( {better is} 16...Nxa7 17.Qxa7 dxe4 18.O-O ) 17.Bxc6 bxc6 18.Bxd4 $1 exd4 19.cxd4 Qa5 20.c3 ) 15.c4 Ke7 $6 {It is true that sometimes Black can leave the king in the center in the Sicilian, but probably this is not the case here. White will be always threatening to open the king with c4-c5.} ( {White has ample compensation for the pawn in case of} 15...Qxa2 16.O-O Qxc2 17.c5 dxc5 18.Rc1 Qa2 19.Ra1 Qb2 20.Rfb1 Qc3 21.Qf2 ) ( {But} 15...a6 16.Bxc6+ bxc6 {was to be preferred.} ) ( 15...Rc8 {was also OK.} ) 16.O-O g5 $2 {This is too much. Now Dmitry will have a chance to attack both flanks. He will do it flawlessly!} 17.Qf2 Rgd8 {The c4-c5 breaks are already in the air:} ( 17...Nh5 18.Nb3 Qc7 19.c5 ) ( {Or even worse for Black} 17...a6 18.Nb3 Qc7 19.Bb6 Qc8 20.Bxc6 Qxc6 21.Na5 Qc8 22.c5 ) 18.h4 $1 {All of a sudden, the strike is coming from the other side. But this is something that the bishops enjoys: playing on two flanks.} 18...Nh7 19.hxg5 hxg5 20.g4 $1 {Consistent play on the flank. Andreikin prepares the next maneuver.} ( 20.a4 $5 {with the idea c4-c5 was also very good.} ) 20...f6 21.Kg2 Nf8 {If the knight could fly Black would have sealed the file with Nf8-g6-h4. Alas, he is one tempo down.} 22.Rh1 Bf7 ( {Karjakin suggested} 22...Nb4 {at the press conference but Andreikin immediately refuted that with} 23.Bxg5 $1 fxg5 24.Qe3 ) ( {No human being will think about the pawn on a2 in this situation:} 22...Qxa2 23.c5 d5 24.exd5 Bxd5 25.c4 Be6 26.Ra1 Qc2 27.Ba4 Qg6 28.Ne4 {with total control for White.} ) ( {After} 22...Ng6 {the follow up might be} 23.Rh7+ Bf7 24.Nb3 Qxa2 25.Qd2 {with too many threats. The main ones are Qd2-c3 and Rd1-a1 to trap the queen, and the instant blow Be3xg5.} ) 23.Nf1 $1 {The bishop had covered the king, but released the f5 square. This is where the knight is heading for!} 23...Bg6 24.Bd2 Qb6 25.Ne3 {Or maybe for the d5 square?} 25...Kf7 26.Qe1 $1 {Grand play! The queen is moving away from the trade, supports the bishop on d2 and is ready to attack on both flanks.} 26...Ne6 27.Nf5 Qc7 ( {The utility of the white queen becomes obvious in the line} 27...Ncd4 28.Nxd4 Nxd4 29.Ba5 $1 Nxc2 30.Qd2 Ne3+ 31.Kg3 Qc5 32.Rde1 b6 ( 32...Nxc4 33.Bxc4+ Qxc4 34.Bxd8 Rxd8 35.Rc1 Qe6 36.Rc7+ Rd7 37.Qa5 ) 33.Bb4 Nxc4 34.Bxc5 Nxd2 35.Bb4 Nxe4+ 36.fxe4 {and White is close to winning but I suspect this was Sergey's best bet.} ) 28.c5 $1 {The beginning of the end. Black's position quickly detoriates on the open diagonals.} 28...dxc5 29.Bc4 b5 ( {One of the threats for White is to trade on e6 and bring the queen on c4:} 29...Rh8 30.Bxe6+ Kxe6 31.Qe2 Rxh1 32.Qc4+ Kd7 33.Qd5+ Kc8 34.Qe6+ Kb8 35.Rxh1 ) 30.Bd5 {This move only demonstrates how helpless Black is.} ( {White could have won more forcefully with} 30.Bxe6+ Kxe6 31.Rh6 Rg8 32.Ba5 $1 Qxa5 ( 32...Nxa5 33.Rd6+ Kf7 34.Qd2 Rad8 35.Qd5+ {and mate in three.} ) 33.Rd6+ Kf7 34.Qh1 $3 {with the unstoppable Rh6-h7! or Rh6xg6!} 34...Qb6 35.Rxg6 Rxg6 36.Qh7+ Kf8 37.Qxg6 {and mate.} ) 30...Rac8 31.Rh6 Nd4 32.Ba5 $1 {A beautiful finish!} 32...Nxc2 ( {Andreikin would not be interested in the exchange in case of} 32...Qd7 {but in the king:} 33.Qh1 Rf8 34.Rxg6 Kxg6 35.Qh5# ) 33.Qh1 Qxa5 34.Rh7+ ( {It is mate in three:} 34.Rh7+ Bxh7 35.Qxh7+ Kf8 36.Qe7+ Kg8 37.Qg7# {The moral of the game: if you have the advantage of the bishop pair, try to attack on the color of the bishop that the opponent does not have!} ) 1-0